Districts of Sinop (Sinop İlinin İlçeleri) - Statistics

General Stats
  • This quiz has been taken 24 times
  • The average score is 7 of 9
Answer Stats
Population District's Name % Correct
45.833 Boyabat
95%
24.473 Ayancık
89%
17.211 Türkeli
89%
29.534 Gerze
84%
69.844 Merkez
84%
17.900 Durağan
63%
13.123 Erfelek
63%
6.642 Saraydüzü
53%
5.156 Dikmen
47%
No matching quizzes found
Score Distribution
Percent of People with Each Score
Percentile by Number Answered
Your Score History
You have not taken this quiz